Acuerdos autonómicos firmados por el Gobierno de la Nación y el Partido Socialista Obrero Español (Record no. 20962)

MARC details
000 -LEADER
campo de control de longitud fija 00666nam a2200193 i 4500
001 - NÚMERO DE CONTROL
campo de control 20962
003 - IDENTIFICADOR DE NÚMERO DE CONTROL
campo de control ES-MaACL
005 - FECHA Y HORA DE LA ÚLTIMA TRANSACCIÓN
campo de control 20230906152407.0
007 - CAMPO FIJO DE DESCRIPCIÓN FÍSICA--INFORMACIÓN GENERAL
campo de control de longitud fija t|
008 - DATOS DE LONGITUD FIJA--INFORMACIÓN GENERAL
campo de control de longitud fija 021119s1981 sp ||||1| spa d
245 00 - MENCIÓN DEL TÍTULO
Título Acuerdos autonómicos firmados por el Gobierno de la Nación y el Partido Socialista Obrero Español
Resto del título : el 31 de julio de 1981.
260 ## - PUBLICACIÓN, DISTRIBUCIÓN, ETC.
Lugar de publicación, distribución, etc. Madrid :
Nombre del editor, distribuidor, etc. [Presidencia del Gobierno, Servicio Central de Publicaciones],
Fecha de publicación, distribución, etc. 1981.
300 ## - DESCRIPCIÓN FÍSICA
Extensión 110 p. ;
Dimensiones 17 cm.
490 1# - MENCIÓN DE SERIE
Mención de serie Informe ;
Designación de volumen o secuencia 36
710 1# - ENTRADA AGREGADA--NOMBRE DE ENTIDAD CORPORATIVA
Nombre de entidad corporativa o nombre de jurisdicción como elemento de entrada España.
Unidad subordinada Presidencia del Gobierno.
9 (RLIN) 3951
830 0# - PUNTO DE ACCESO ADICIONAL DE SERIE-TÍTULO UNIFORME
Título uniforme Informe ;
Designación de volumen o secuencia 36
9 (RLIN) 179985
852 ## - LOCALIZACIÓN
Ubicación ES-MaACL
Número de control de estantería L-6182
Sublocalización o colección R.106030
Holdings
Estatus retirado Estado de pérdida Estado de daño No para préstamo Biblioteca de origen Biblioteca actual Ubicación en estantería Fecha de adquisición Fuente de adquisición Total de préstamos Signatura topográfica completa Código de barras Visto por última vez Precio de reemplazo Tipo de ítem Koha
        Biblioteca del Ateneo de Madrid Biblioteca del Ateneo de Madrid Depósito 2 17/01/2008     L-6182 1021526 23/02/2023 23/02/2023 Libro impreso